| 000 | 00338nam a2200133Ia 4500 | ||
|---|---|---|---|
| 005 | 20251222144851.0 | ||
| 008 | 251222s9999||||xx |||||||||||||| ||spa|| | ||
| 020 | _a968-24-5500-6 | ||
| 082 | _a153.42/P86 | ||
| 100 | _aPriestley, Maureen | ||
| 245 | 0 | _aTécnicas y Estrategias del Pensamiento Crítico | |
| 264 | _bTrillas | ||
| 942 | _cLIB | ||
| 999 |
_c21623 _d21623 |
||